各都道府県庁所在地と接する人口最多市区町村 - Statistics

General Stats
  • This quiz has been taken 7 times
  • The average score is 36 of 47
Answer Stats
都道府県庁所在地 隣接する人口最多市区町村の人口 Answer % Correct
さいたま市 60万人 川口市
100%
横浜市 152万人 川崎市
100%
新潟市 25万人 長岡市
100%
金沢市 11万人 白山市
100%
大阪市 81万人 堺市
100%
神戸市 48万人 西宮市
100%
奈良市 11万人 生駒市
100%
松江市 17万人 出雲市
100%
岡山市 47万人 倉敷市
100%
高松市 5万人 坂出市
100%
松山市 14万人 今治市
100%
高知市 4万人 南国市
100%
大分市 11万人 別府市
100%
前橋市 36万人 高崎市
83%
千葉市 26万人 市原市
83%
富山市 9万人 射水市
83%
岐阜市 15万人 大垣市
83%
静岡市 24万人 富士市
83%
津市 19万人 鈴鹿市
83%
広島市 20万人 呉市
83%
山口市 15万人 宇部市
83%
長崎市 13万人 諫早市
83%
宮崎市 16万人 都城市
83%
盛岡市 9万人 花巻市
67%
仙台市 23万人 山形市
67%
秋田市 7万人 大仙市
67%
山形市 106万人 仙台市
67%
水戸市 15万人 ひたちなか市
67%
福井市 8万人 坂井市
67%
甲府市 7万人 甲斐市
67%
名古屋市 30万人 春日井市
67%
大津市 137万人 京都市
67%
和歌山市 5万人 紀の川市
67%
福岡市 22万人 佐賀市
67%
佐賀市 159万人 福岡市
67%
鹿児島市 9万人 薩摩川内市
67%
那覇市 11万人 浦添市
67%
札幌市 11万人 江別市
50%
青森市 5万人 十和田市
50%
宇都宮市 9万人 鹿沼市
50%
新宿区 33万人 中野区
50%
長野市 15万人 上田市
50%
京都市 34万人 高槻市
50%
鳥取市 9万人 津山市
50%
徳島市 3万人 藍住町
50%
熊本市 6万人 合志市
50%
福島市 7万人 米沢市
33%
No matching quizzes found
Score Distribution
Percent of People with Each Score
Percentile by Number Answered
Your Score History
You have not taken this quiz